| 000 | 01262nam0a2200325 4500 | ||
|---|---|---|---|
| 001 | RU\NLR\bibl\1262113 | ||
| 005 | 20250615131459.0 | ||
| 010 |
_a978-5-217-03411-6 _9500 |
||
| 021 |
_aRU _b2008-48388 _92675 |
||
| 035 | _a(NLR Aleph) 001248102 | ||
| 090 |
_a301535 _c301535 |
||
| 100 | _a20080814d2008 |||y0rusy50 ca | ||
| 101 | 0 | _arus | |
| 102 | _aRU | ||
| 105 | _aa ||||||||| | ||
| 200 | 1 |
_aПроизводство червячных передач _fА.И. Сандлер, С.А. Лагутин, А.В. Верховский _gпод общ. ред. С.А. Лагутина |
|
| 210 |
_aМосква _cМашиностроение _d2008 |
||
| 215 |
_a271 с. _cил. _d22 |
||
| 320 | _aБиблиогр.: с. 268-271 | ||
| 606 | 1 |
_aЧервячные передачи _xПроизводство _92532311 _3RU\NLR\auth\661499869 |
|
| 686 | _aК500.145.56 | ||
| 700 | 1 |
_aСандлер _bА. И. _gАлександр Исерович _4070 |
|
| 701 | 1 |
_aЛагутин _bС. А. _gСергей Абрамович _4070 |
|
| 701 | 1 |
_aВерховский _bА. В. _gАлександр Владимирович _4070 |
|
| 801 | 0 |
_aRU _bNLR _c20080814 _gRCR |
|
| 801 | 1 |
_aRU _bNLR _c20080814 |
|
| 830 | _aпо кн | ||
| 942 | _cBOOK | ||
| 980 | _aNB | ||